[Event "Memorial Kauska"]
[Site "?"]
[Date "2008.??.??"]
[Round "?"]
[White "Volek, Stanislav"]
[Black "Schwarz, Jan"]
[Result "1/2-1/2"]
[WhiteElo "2317"]
[BlackElo "2325"]
[PlyCount "48"]
[EventDate "2008.??.??"]
[EventType "corr"]
[SourceDate "2004.06.03"]

1. d4 d5 2. Nf3 Nf6 3. c4 c6 4. Nc3 e6 5. e3 Nbd7 6. Qc2 b6 7. Bd3 Bb7 8. O-O
dxc4 9. Bxc4 c5 10. Qe2 a6 11. a4 Bd6 12. Rd1 O-O 13. d5 exd5 14. Nxd5 Nxd5 15.
Bxd5 Bxd5 16. Rxd5 Nf6 17. Rd1 Qe7 18. b3 Ne4 19. Bb2 Rfd8 20. Nd2 Bc7 21. Nxe4
Qxe4 22. Qc4 Qxc4 23. bxc4 f6 24. Kf1 Rxd1+ 1/2-1/2